| 000 | 01554nam0a2200361 4500 | ||
|---|---|---|---|
| 001 | RU\NLR\bibl\1493003 | ||
| 005 | 20250616013346.0 | ||
| 010 |
_a978-5-392-01164-3 _9300 |
||
| 021 |
_aRU _b2010-10339 _9682 |
||
| 035 | _a(nilc)RSL-KNO-004584064 | ||
| 035 | _a(NLR Aleph) 001484543 | ||
| 090 |
_a1724707 _c1724707 |
||
| 100 | _a20100216d2010 |||y0rusy50 ca | ||
| 101 | 0 | _arus | |
| 102 | _aRU | ||
| 105 | _aa zzzz||||| | ||
| 200 | 1 |
_aРазвитие организации, социально-психологический аспект _eучебное пособие _fЕ. Э. Шишлова _gМосковский гос. ин-т международных отношений (Ун-т) МИД России |
|
| 210 |
_aМосква _cПроспект _d2010 |
||
| 215 |
_a221, [1] с. _cил., табл. _d22 |
||
| 225 | 1 | _aИнновационная образовательная программа | |
| 320 | _aБиблиогр. в конце гл. | ||
| 606 | 1 |
_aСоциальные организации _jУчебные издания _xСоциально-психологические исследования _91923582 _3RU\NLR\AUTH\661166376 |
|
| 686 |
_aС555.371я73-1 _2rubbk |
||
| 686 | _aС550.72я7 | ||
| 700 | 1 |
_aШишлова _bЕ. Э. _gЕкатерина Эдуардовна _4070 |
|
| 801 | 0 |
_aRU _bРГБ _c20100216 _grcr |
|
| 801 | 1 |
_aRU _bРГБ _c20100216 |
|
| 801 | 2 |
_aRU _bNLR _c20100401 _grcr |
|
| 830 | _aавт. по кн. | ||
| 942 | _cBOOK | ||
| 980 | _aNB | ||